|
|
|
|
| LEADER |
00000nab a2200000 a 4500 |
| 001 |
vtls000542988 |
| 003 |
SK-MaSNL |
| 005 |
20260303202254.0 |
| 008 |
120928c1995 xo 0 slo |
| 015 |
|
|
|a SNBRB19rr/mm-uuuuu
|
| 035 |
|
|
|a CL0543126
|
| 040 |
|
|
|a SNKBUCL
|b slo
|c SNKBUCL
|e AACR2
|
| 041 |
0 |
|
|a slo
|
| 044 |
|
|
|a xo
|c SK
|
| 080 |
|
|
|a 008:061.66
|2 1981
|
| 100 |
1 |
|
|a Uhel, Jaroslav,
|d 1954-
|4 aut
|9 113986
|
| 245 |
1 |
0 |
|a Inšpirácie rázovitého regiónu
|b Kultúrne kontúry Liptova očami Jaroslava Uhela
|c Jaroslav Uhel, Dagmar Mlynarčíková
|
| 300 |
|
|
|b Fotogr. 1
|
| 610 |
2 |
7 |
|a Regionálne kultúrne stredisko (Liptovský Mikuláš, Slovensko)
|2 snkbucl
|9 33283
|
| 650 |
0 |
7 |
|a kultúra
|2 snkbucl
|9 886
|
| 651 |
|
7 |
|a 5304
|2 snkbucl
|9 277630
|
| 651 |
|
7 |
|a Liptov (Slovensko : región)
|2 snkbucl
|9 151081
|
| 655 |
|
7 |
|a články z novín a časopisov
|2 snkbucl
|9 267496
|
| 700 |
1 |
|
|a Mlynarčíková, Dagmar
|4 aut
|9 899151
|
| 773 |
0 |
|
|t Slovenská republika
|g Roč. 2, č. 83 (8. 4. 1995), s. 5
|
| 850 |
|
|
|a Slovenská národná knižnica v Martine
|a MTA001
|
| 852 |
|
|
|a SNK
|b KIS3GCP
|
| 958 |
|
|
|a RK
|
| 992 |
|
|
|a RBX
|
| 999 |
|
|
|c 2178708
|d 2180638
|